| 000 | 00735nam a22002177a 4500 | ||
|---|---|---|---|
| 005 | 20251108173610.0 | ||
| 008 | 250721s1998 xx 000 0 ara d | ||
| 020 | _a9772930374 | ||
| 082 | 1 | 4 | _aط/923.5/بدر |
| 100 | 1 | _aبدران، جمال | |
| 245 | 1 | 0 | _aالحجاج بن يوسف الثقفي : ابن جلا / |
| 264 | 1 |
_aالقاهرة : _bمكتبة الدار العربية للكتاب، _c1998. |
|
| 300 | _a68ص | ||
| 490 | 0 |
_aسلسلة الطغاة و الجبابرة للشباب و الناشئين _v1 |
|
| 650 | 1 | 7 | _aالتراجم |
| 650 | 1 | 7 | _aالعسكريون |
| 653 | _aناشئون كبار 15-18 سنة | ||
| 700 | 1 |
_aحمدان، وائل _eرسام |
|
| 942 |
_2ddc _cBK |
||
| 999 |
_c107801 _d107801 |
||